000 01170nam a22003017a 4500
001 821
005 20250702110839.0
020 _a9780545934909
020 _a0545934907
040 _aIB1
_cIB1
_dDLC
_erda
_dDLC
_bេនង
050 0 0 _aPZ8.G882
_bGr 2016
082 _a398.20943
100 1 _aGrimm, Jacob,
_d1785-1863,
_eauthor.
245 1 0 _aGrimms' Fairy tales /
_cJacob and Wilhelm Grimm.
250 _aFirst printing 2016
260 _aNew York :
_bScholastic,
_c2016.
300 _a191 pages ;
_c20 cm
505 _aZ'
520 _aThe folk tales gathered by brothers Jacob and Wilhelm Grimm have been retold for every new generation of readers. Some of the best-loved stories, such as "Cinderella" and "Snow White and the Seven Dwarves" have become world-famous movies. In this collection, you'll discover the Grimms' most spellbinding tales.
521 2 _a980
_bLexile
521 0 _aZ'
_bRaz-Plus
650 0 _aFairy tales.
650 1 _aFairy tales.
650 7 _aFairy tales.
_2fast
_0(OCoLC)fst00919916
700 1 _aGrimm, Wilhelm,
_d1786-1859,
_eauthor.
906 _a7
_bcbc
_ccopycat
_d2
_encip
_f20
_gy-gencatlg
942 _2ddc
_cBK
_n0
999 _c821
_d821